000
00214nam a22000857a 4500
008
170616b xxu||||| |||| 00| 0 eng d
100
_9
3447
_a
Sedwal. A
245
_a
Ramu and the Robot
260
_a
New Delhi
_b
N. B. T
_c
2007
999
_c
6822
_d
6822